000 01024nam a22003137a 4500
003 CHAP
005 20220329143740.0
008 110601s1975 mx a r 00010 spa d
010 _a101365
011 _a102337
035 _a113025
040 _cCHAP
082 0 4 _a627.83
_bM35
100 0 0 _aMarsal, Raúl J.
_971580
245 1 0 _aPresas de tierra y enrocamiento
_c/por Raúl J. Marsal y Daniel Reséndiz Núñez
260 _aMéxico, D.F. :
_bLIMUSA,
_c1975
300 _a546 p. :
_bilus., gráfs., tablas
590 _aBATCH-UPD
_b10
_c20130110
_lUCH01
_h1222
590 _aBATCH-UPD
_b10
_c20130410
_lUCH01
_h0756
590 _aBATCH-UPD
_b10
_c20130914
_lUCH01
_h1641
590 _aCONVERSION
_b10
_c20130109
_lUCH01
_h1356
650 1 4 _aIngeniería hidráulica.
_958235
650 1 4 _aMecánica de suelos.
_973824
650 1 4 _aPresas de tierra.
_991510
700 0 _aReséndiz Núñez, Daniel.
_996141
901 _aBK
942 _cLIBRO
949 _a627.83 M35
_bBC
_cLIBRO
_d33724002247446
_eLIBRO
_h115090
_i113025
_si
999 _c101365
_d101365